000 00654nam a2200205Ii 4500
003 JO-AjNU
008 230605s9999||||xx |||||||||||||| ||und||
040 _aJO-AjNU
_bara
_erda
_cJO-AjNU
041 _aara
050 1 4 _aPJ7692.K5.A17
100 3 _aتأليف الخنساء,
_eauthor
_936913
245 0 0 _aديوان الخنساء
250 _aط5 جديدة محققة
264 3 1 _aمكتبة الفرزدق
300 _a150ص
336 _atext
_btxt
_2rdacontent
337 _aunmediated
_bn
_2rdamedia
338 _avolume
_bnc
_2rdacarrier
650 4 _a الشعر العربي - تاريخ ونقد - عصر صدر الإسلام
_936914
999 _aA15378
_c18946
_d18946